[Event "Sharjah Master 2024"]
[Site "Shsrjah - Abu Dhabi"]
[Date "2024.05.21"]
[Round "?"]
[White "Sargsyan, Shant"]
[Black "Bharath Subramaniyam H"]
[Result "1-0"]
[WhiteElo "2637"]
[BlackElo "2544"]
[PlyCount "129"]
[EventDate "2024.05.14"]
[EventCountry "UAE"]

1. e4 e5 2. Nf3 Nc6 3. Bc4 Nf6 4. d3 Be7 5. O-O O-O 6. Nc3 d6 7. a4 Na5 8. Ba2 c5 9. Bg5 Nc6 10. Bxf6 Bxf6 11. Nd5 Be6 12. c3 g6 13. Qd2 Bg7 14. Rab1 $146 ({RR} 14. Ng5 h6 15. Nxe6 fxe6 16. Ne3 Qe7 17. g3 h5 18. Ng2 Kh7 19. Qe2 Rf6 20. f3 Bh6 21. Rf2 Raf8 22. Raf1 g5 23. Bb3 Qe8 24. Bd1 a6 25. Ne3 Kh8 26. Kh1 b5 27. axb5 axb5 28. Kg1 Qg6 {Harsh Suresh (2414)-Bharath Subramaniyam H (2544) Dubai Police Officers Club, A 2024 ½-½ (41)}) ({RR} 14. Rfb1 Rc8 15. b4 cxb4 16. Nxb4 Bxa2 17. Rxa2 Nxb4 18. Rxb4 b6 19. c4 Rc5 20. h3 Qd7 21. Qb2 f5 22. Nd2 Bh6 23. Nb3 fxe4 24. dxe4 Rc6 25. a5 Qf7 26. axb6 axb6 27. Qe2 Rfc8 28. Raa4 Bg5 {Ni,S (2320)-Wang Yu A (2228) Qingdao CHN 2024 ½-½ (32)}) ({RR} 14. Ng5 h6 15. Nxe6 fxe6 16. Ne3 Qe7 17. g3 h5 18. Ng2 Kh7 19. Qe2 Rf6 20. f3 Bh6 21. Rf2 Raf8 22. Raf1 g5 23. Bb3 Qe8 24. Bd1 a6 25. Ne3 Kh8 26. Kh1 b5 27. axb5 axb5 28. Kg1 Qg6 {Harsh,S (2417)-Bharath,S (2545) Dubai UAE 2024 ½-½ (41)}) 14... b6 15. b4 Kh8 16. Bc4 Bg4 17. Ne1 cxb4 18. cxb4 Qh4 19. f3 Bd7 20. Nc2 Bh6 21. Qf2 Qxf2+ 22. Kxf2 Nd4 $6 {Inaccuracy. f5 was best.} (22... f5) 23. Nxd4 exd4 24. f4 Rac8 25. g3 Be6 26. h4 Bxd5 27. Bxd5 Rc3 28. Bc4 f6 29. Ke2 Re8 30. Rfe1 Kg7 $6 {Inaccuracy. Bf8 was best.} (30... Bf8 31. h5 gxh5 32. Kf2 Kg7 33. Rbd1 f5 34. exf5 Rxe1 35. Rxe1 d5 36. Bb5) 31. a5 g5 32. Kf3 Rc2 $6 {Inaccuracy. gxf4 was best.} (32... gxf4 33. gxf4 Kh8 34. a6 Rb8 35. Rbd1 b5 36. Bd5 Rb6 37. h5 Bg7 38. Kg4) 33. axb6 axb6 34. Ra1 $6 {Inaccuracy. hxg5 was best.} (34. hxg5 fxg5 35. Rh1 Ra8 36. Rbg1 Rf8 37. f5 b5 38. Bxb5 g4+ 39. Kxg4 Bd2) 34... gxh4 $6 {Inaccuracy. gxf4 was best.} (34... gxf4 35. gxf4 Kh8 36. Ra6 Rd2 37. Rxb6 d5 38. Bb5 dxe4+ 39. Rxe4 Rxe4 40. dxe4) 35. gxh4 $6 {Inaccuracy. Ra7+ was best.} (35. Ra7+ Kh8 36. Rh1 Bg7 37. Rxh4 Rc1 38. Rh5 h6 39. Kg4 Rg1 40. Rb7 Bf8) 35... Rh2 $6 {Inaccuracy. Kh8 was best.} (35... Kh8 36. Ra6 Rd2 37. Rxb6 d5 38. Bb5 dxe4+ 39. Rxe4 Rxe4 40. dxe4 Bf8 41. Rxf6) 36. Kg3 Rb2 37. Ra7+ Kh8 38. Bf7 Rf8 39. Be6 Rd2 40. Ra3 $6 {Inaccuracy. Kg4 was best.} (40. Kg4 f5+ 41. Bxf5 Rg2+ 42. Kf3 Rg7 43. Rxg7 Bxg7 44. Kg4 Rf7 45. Be6 Ra7) 40... Re8 41. Rc1 Rxe6 42. Rc8+ Bf8 43. f5 Re7 44. Rxf8+ Kg7 45. Rd8 Re2 46. Rxd6 Re3+ 47. Kf4 R7xe4+ 48. dxe4 Rxa3 49. Rxd4 h5 $6 {Inaccuracy. Rh3 was best.} (49... Rh3 50. Kg4) 50. Rd7+ Kg8 51. Rd8+ Kg7 52. Rd7+ Kg8 53. Rd6 Kg7 54. e5 fxe5+ 55. Kxe5 b5 56. Rd7+ Kh6 57. Rd4 Kg7 58. Kf4 Kf6 59. Rd6+ Kf7 60. Rb6 Rb3 61. Rxb5 Rh3 62. Rb7+ Kf6 63. Rb6+ Kf7 64. Kg5 Rg3+ 65. Kxh5 1-0

[Event "Sharjah Master 2024"]
[Site "Shsrjah - Abu Dhabi"]
[Date "2024.05.21"]
[Round "?"]
[White "Madaminov, Mukhiddin"]
[Black "Banusz, Tamas"]
[Result "1-0"]
[WhiteElo "2504"]
[BlackElo "2623"]
[PlyCount "85"]
[EventDate "2024.05.14"]
[EventCountry "UAE"]

1. e4 e5 2. Nf3 Nc6 3. Bb5 a6 4. Ba4 Nf6 5. O-O Nxe4 6. d4 Be7 7. Re1 b5 8. Rxe4 d5 9. Nxe5 Nxe5 10. Rxe5 bxa4 11. Qe2 Be6 12. f4 Kf8 13. Nc3 Bf6 14. Nxa4 Bxe5 15. fxe5 Qh4 16. Be3 Qg4 17. Qd2 h5 18. Nc3 Rb8 $146 ({RR} 18... h4 19. h3 Qg6 20. Rf1 Rh5 21. Ne2 Rf5 22. Nf4 Qh7 23. Re1 Kg8 24. Qa5 c6 25. Qa4 Rc8 26. Nxe6 fxe6 27. Qxa6 Rff8 28. Qe2 Ra8 29. a3 Qg6 30. Qg4 Qxg4 31. hxg4 Kh7 32. Kh2 Rf7 33. Kh3 {Brkic,A (2606)-Pavlidis,A (2566) Kirchweyhe GER 2024 0-1 (62)}) 19. b3 h4 20. h3 Qg6 21. Ne2 Qe4 22. Nf4 Bf5 23. Nd3 Kg8 24. Re1 Be6 25. Qc3 Qg6 $6 {Inaccuracy. Rh5 was best.} (25... Rh5 26. Bd2 Qh7 27. Qc6 Rf5 28. Qxa6 Qg6 29. Nf4 Rxf4 30. Bxf4 Qxc2 31. Qa5) 26. Nf4 Qf5 27. Rf1 Qe4 $6 {Inaccuracy. Re8 was best.} (27... Re8) 28. Nxe6 fxe6 29. Rf4 Qg6 30. Qxc7 Rf8 31. Rg4 Qf7 32. Qc6 a5 33. Bg5 $6 {Inaccuracy. c4 was best.} (33. c4 dxc4 34. bxc4 Rh5 35. Kh2 Qe8 36. Qd6 Rhf5 37. c5 Qc8 38. c6 R5f7) 33... Rh7 $2 {Mistake. Rh5 was best.} (33... Rh5) 34. c4 Qe8 $6 {Inaccuracy. Rh5 was best.} (34... Rh5 35. Bf6 Rh7 36. cxd5 exd5 37. Bg5 Re8 38. Qc5 Rh5 39. Bf6 Rh7 40. Qxa5) 35. Qd6 dxc4 36. bxc4 Kh8 $6 {Inaccuracy. Rh5 was best.} (36... Rh5 37. c5 Kh7 38. c6 Rxg5 39. Rxg5 Qf7 40. Rg4 g5 41. Kh2 Rc8 42. Qc5) 37. d5 exd5 38. cxd5 Rh5 39. e6 Kh7 40. e7 Rg8 41. Qe6 Qb5 42. a4 Qb8 $4 {Checkmate is now unavoidable. Qb1+ was best.} (42... Qb1+ 43. Kh2 Qg6 44. Qe5 Qe8 45. d6 Qd7 46. Qe4+ g6 47. Qe5 Rxg5 48. Rxg5) 43. Bf4 1-0

[Event "Sharjah Master 2024"]
[Site "Shsrjah - Abu Dhabi"]
[Date "2024.05.21"]
[Round "?"]
[White "Petrosyan, Manuel"]
[Black "Pranav Anand"]
[Result "1-0"]
[WhiteElo "2616"]
[BlackElo "2530"]
[PlyCount "99"]
[EventDate "2024.05.14"]
[EventCountry "UAE"]

1. Nf3 Nf6 2. g3 d5 3. Bg2 e6 4. O-O Be7 5. c4 O-O 6. d4 dxc4 7. Qc2 a6 8. a4 Bd7 9. Qxc4 Bc6 10. Bg5 Nbd7 11. Nc3 h6 12. Bxf6 Nxf6 13. Rfd1 Qd6 ({RR} 13... a5 14. Qb3 Bb4 15. Ne5 Bxg2 16. Kxg2 Qe7 17. Rac1 Rfd8 18. e3 c6 19. Nd3 h5 20. Ne2 Bd6 21. Ng1 g6 22. Nf3 Kg7 23. Qc2 Rac8 24. Qe2 Ne4 25. Nd2 Nxd2 26. Qxd2 e5 27. dxe5 Bxe5 28. Qxa5 {Grischuk,A (2732)-Dubov,D (2708) chess.com INT 2024 ½-½ (31)}) 14. Qb3 $146 ({RR} 14. Qd3 Bxf3 15. Qxf3 c6 16. e4 e5 17. Qf5 g6 18. Qxe5 Qxe5 19. dxe5 Ng4 20. Kf1 Bc5 21. Rd2 Rad8 22. Rad1 Rxd2 23. Rxd2 Nxe5 24. Ke2 {½-½ (24) Lai,H (2465)-Wachinger,N (2426) Baden Baden GER 2024}) 14... Rfd8 15. e3 Rac8 16. a5 Qb4 17. Qc2 Bf8 18. Ne5 Bxg2 19. Kxg2 Nd7 20. Nd3 Qc4 21. Qa4 Qxa4 22. Nxa4 h5 23. b4 c6 24. Nac5 Rc7 25. f4 Re8 26. Kf3 f6 27. Ne4 Be7 28. h3 Kf7 29. g4 Rh8 30. Rh1 Rcc8 31. Ndc5 Nxc5 32. bxc5 Rcd8 33. Rhb1 Rd7 $6 {Inaccuracy. Rb8 was best.} (33... Rb8 34. Rh1 Rbd8 35. Rab1 Rd7 36. Ke2 hxg4 37. hxg4 Rxh1 38. Rxh1 Bd8 39. Nd6+) 34. Rb3 hxg4+ 35. hxg4 Ra8 $6 {Inaccuracy. e5 was best.} (35... e5 36. Rab1) 36. Rab1 Ra7 37. R3b2 Kg6 38. Nd2 Kf7 39. Nc4 Kg8 40. Ke4 Kf7 41. g5 Rc7 42. gxf6 gxf6 43. Nb6 Bf8 44. Rh1 Bg7 45. f5 e5 $6 {Inaccuracy. exf5+ was best.} (45... exf5+ 46. Kxf5 Bf8 47. Rg2 Bg7 48. e4 Ke8 49. Rh7 Kf8 50. Rhh2 Rf7 51. Rh1) 46. dxe5 fxe5 47. Rd2 Ke8 48. Rh7 Kf7 49. Rd8 Kf6 50. Rd6+ 1-0

[Event "Sharjah Master 2024"]
[Site "Shsrjah - Abu Dhabi"]
[Date "2024.05.21"]
[Round "?"]
[White "Gholami Orimi, Mahdi"]
[Black "Theodorou, Nikolas"]
[Result "1-0"]
[WhiteElo "2470"]
[BlackElo "2616"]
[PlyCount "151"]
[EventDate "2024.05.14"]
[EventCountry "UAE"]

{[%evp 11,151,29,37,41,47,19,29,35,29,35,48,51,59,-1,7,5,35,32,33,35,41,46,38,45,82,68,98,98,100,72,77,79,75,77,88,71,71,65,59,51,97,81,85,95,100,71,63,65,70,61,71,64,65,59,130,130,137,137,198,198,258,134,192,44,221,153,201,74,208,202,260,260,262,251,247,247,337,343,344,333,320,296,360,369,349,360,357,357,499,499,482,497,529,521,612,598,29950,29951,29963,29964,29967,414,698,336,313,282,304,171,170,23,875,874,29961,29967,29969,29969,29965,29970,821,29972,29973,29975,29976,29977,29976,29978,29978,29979,29979,29980,29980,29981,29980,29982,29983,29984,29984,29985,29985,29986,29985,29986]} 1. d4 Nf6 2. c4 e6 3. g3 d5 4. Bg2 Be7 5. Nf3 O-O 6. O-O a5 7. Qc2 Nc6 8. Bf4 Nb4 $146 ({RR} 8... dxc4 9. Qxc4 Nd5 10. Bd2 Nb6 11. Qd3 Nb4 12. Qb3 a4 13. Qd1 c5 14. Bxb4 ({White should play} 14. dxc5 $16 Bxc5 15. a3) 14... cxb4 15. Nbd2 (15. a3 $11 {keeps the balance.}) 15... a3 16. b3 Nd5 $1 17. Nc4 Bd7 18. Nfe5 Bb5 (18... Nc3 $1 $17 19. Qd3 Bb5) 19. Qd2 (19. Bxd5 $1 $11 {was the only way to keep the balance.} exd5 20. Ne3) 19... Rc8 $2 (19... Nc3 $1 $17 20. Bxb7 Ra7) 20. Rfc1 $2 (20. Bxd5 $1 $11 {and White stays safe.} exd5 21. Ne3) 20... f6 (20... Nc3 $1 $19 21. e3 f6) 21. Nd3 Ba6 (21... e5 $15 {stays ahead.}) 22. e4 (22. Bxd5 $1 $16 exd5 23. Ne3) 22... Nc3 23. Nf4 {Rongwane,G (2021)-Rakotomaharo,F (2454) Accra GHA 2024 0-1 (46)}) 9. Qc1 {White has an edge.} dxc4 10. Na3 b6 11. Ne5 ({Worse is} 11. Qxc4 Ba6 $17) 11... Nfd5 12. Naxc4 $6 {Inaccuracy. Bd2 was best.} (12. Bd2) (12. Bd2 $14) 12... f6 $11 13. Nf3 $1 $36 {[%mdl 2048] White is pushing.} c5 14. a3 Nc6 15. dxc5 Bxc5 16. Rd1 Qe7 17. Bd2 b5 18. Ne3 Bb7 19. Nxd5 exd5 20. Qc3 Ne5 21. Be3 Nxf3+ 22. Bxf3 Bxe3 23. Qxe3 Qxe3 24. fxe3 Rac8 25. Kf2 Rfd8 26. Rac1 Kf8 27. Rxc8 Bxc8 28. Bxd5 $16 {[%mdl 4096] Endgame KRB-KRB} Ke7 29. Rd4 Bd7 30. Be4 h6 $1 31. Ke1 Rb8 32. Kd2 b4 $6 {Inaccuracy. g5 was best.} (32... g5 33. Kd3 Be6 34. Bc6 Rb6 35. Bd5 Bd7 36. Kd2 Rb8 37. Re4+ Kd6 38. Bb3) (32... Be6 $14) 33. axb4 axb4 34. Bd5 g5 $6 {Inaccuracy. Kd6 was best.} (34... Kd6 35. Bb3+ Ke7 36. Bc4 Bb5 37. Ba2 Bd7 38. Bb3 g5 39. Bd5 Kd6 40. Bc4+) (34... Kd6 $16) 35. e4 $18 Be8 (35... Rb5 $142 36. Ke3 Be6) 36. Bb3 $6 {Inaccuracy. Ke3 was best.} (36. Ke3 Bd7) (36. Ke3 $18) 36... Bd7 $6 {Inaccuracy. Bf7 was best.} (36... Bf7) (36... Bf7 $16) 37. Ke3 $6 {Inaccuracy. Bd5 was best.} (37. Bd5) (37. e5 $18 {Threatens to win with exf6+.} fxe5 38. Rd5) 37... Rb6 $2 {Mistake. Be6 was best.} (37... Be6 38. Bxe6 Kxe6 39. b3 h5 40. Rc4 Ra8 (40... Ke5 $14) 41. Rxb4 Ra1 42. Rb6+ $1 Kf7 43. e5 $1) (37... Be6 $14 38. Bxe6 Kxe6) 38. Rd1 Ra6 39. Rc1 $6 {Inaccuracy. Rd4 was best.} (39. Rd4 Rb6 40. Bd5 h5 41. Rc4 Kd6 42. Kd4 Bg4 43. b3 Bxe2 44. Rc8 Ra6) (39. Rd4 $18 {is more deadly.}) 39... Ra7 $2 {Mistake. Be6 was best.} (39... Be6 40. Bd5 Bxd5 41. exd5 Ra2 42. Rc2 f5 43. Kd4 $1 {[%cal Rd4e5]} b3 {[#]} 44. Rd2 $1 Kd6 45. Kc3) (39... Be6 $16 {is a better defense.}) 40. Kd4 Kd6 41. Rf1 Ke7 42. e5 fxe5+ 43. Kxe5 Be8 $6 {Inaccuracy. Ra5+ was best.} (43... Ra5+ 44. Kd4 Be6 45. Rf3 Kd7 46. Bc4 Bxc4 47. Kxc4 Re5 48. e3 Ke6 49. Kxb4) 44. e4 Ra5+ 45. Bd5 Rc5 46. Rf2 Rc1 47. b3 h5 48. Ra2 Rc7 49. Ra6 Rc2 $6 {Inaccuracy. Bf7 was best.} (49... Bf7 50. Rh6 Bxd5 51. exd5 Rc3 52. Rh7+ Kf8 53. Rxh5 Rxb3 54. Rxg5 Rb1 55. Kd6) 50. Ra7+ Kf8 51. Kd6 Rxh2 52. Ra8 h4 53. gxh4 Rxh4 $6 {[#] Inaccuracy. gxh4 was best.} (53... gxh4 54. Bc6 Rd2+ 55. Ke6 Kg7 56. Rxe8 Ra2 57. e5 h3 58. Re7+ Kh6 59. Be4) 54. e5 $1 {[%cal Re5e6]} Rh7 55. e6 g4 56. Ra1 $6 {Inaccuracy. Bc6 was best.} (56. Bc6 Re7 57. Rb8 g3 58. Rc8 g2 59. Bxg2 Rh7 60. Bc6 Rh6 61. Rxe8+ Kg7) (56. Bc6 $142 Rh6 57. Rxe8+ Kg7 58. Ra8 Rh3 59. e7 Re3 60. e8=Q Rxe8 61. Rxe8) 56... Rh5 $6 {Inaccuracy. g3 was best.} (56... g3 57. Rg1) (56... g3 $142 57. Rg1 Ra7 58. Rxg3 Ra6+ 59. Ke5 Ke7 60. Rg7+ Kd8) 57. Be4 $2 {Mistake. Ra8 was best.} (57. Ra8 Rxd5+ 58. Kxd5 g3 59. Ra1 g2 60. Rg1 Bh5 61. Kd6 Bf3 62. Kd7 Kg7) (57. Ra8 $142 Rxd5+ 58. Kxd5) 57... g3 58. Ra8 Rh8 59. Bc6 $2 {Mistake. Rb8 was best.} (59. Rb8 Kg7 60. Rxb4 Rh2 61. Bd5 Ra2 62. Rg4+ Kf6 63. Rxg3 Ra6+ 64. Kc7 Ra5) (59. Rb8 $142) 59... Kg7 {White should prevent ...Bxc6.} 60. Bxe8 $2 {Mistake. Ra7+ was best. KRB-KR} (60. Ra7+) ({White should try} 60. Be4 $18) 60... g2 $4 {Blunder. Rxe8 was best.} (60... Rxe8 61. Rxe8 g2 62. e7 g1=Q 63. Rg8+ Kxg8 64. e8=Q+ Kg7 65. Qe7+ Kg6 66. Qe6+) (60... Rxe8 $11 61. Rxe8 g2) 61. Ra7+ Kf8 $2 {Mistake. Kg8 was best.} (61... Kg8 62. Bf7+ Kg7 63. Bh5+ Kh6 64. Ra1 Kxh5 65. Rg1 Rd8+ 66. Kc7 Rd2 67. e7) 62. Ra1 Rh1 63. Bc6 Rxa1 {KR-KB} 64. e7+ Kg7 65. Bxg2 Re1 {White mates.} 66. Bc6 Kf7 67. e8=Q+ Rxe8 68. Bxe8+ Kxe8 $2 {Checkmate is now unavoidable. Kf6 was best. KP-KP} (68... Kf6 69. Kc5 Ke5 70. Kxb4 Kd6 71. Kb5 Kd5 72. Ka5 Kc5 73. b4+ Kd6 74. Kb6) 69. Kc5 Kd7 70. Kxb4 {KP-K} Kc6 71. Ka5 Kb7 72. Kb5 Kc7 73. Ka6 Kc6 74. b4 {[%cal Bb3b4,Bb4b5][%mdl 32]} Kc7 75. b5 Kb8 76. Kb6 {Accuracy: White = 70%, Black = 56%.} 1-0

[Event "Sharjah Master 2024"]
[Site "Shsrjah - Abu Dhabi"]
[Date "2024.05.21"]
[Round "?"]
[White "Idani, Pouya"]
[Black "Royal, Shreyas"]
[Result "1-0"]
[WhiteElo "2605"]
[BlackElo "2463"]
[PlyCount "107"]
[EventDate "2024.05.14"]
[EventCountry "UAE"]

1. e4 e5 2. Nf3 Nc6 3. Bb5 a6 4. Ba4 Nf6 5. O-O b5 6. Bb3 Bc5 7. d3 d6 8. c3 h6 9. Be3 ({RR} 9. Re1 O-O 10. Nbd2 Bb6 11. Nf1 Ne7 12. a4 Rb8 13. h3 Ng6 14. Ng3 c5 15. Be3 c4 16. Bxb6 Rxb6 17. Ba2 Qc7 18. axb5 axb5 19. Bb1 cxd3 20. Bxd3 Nf4 21. Ne2 Nxd3 22. Qxd3 Be6 23. Ng3 b4 {Ding Liren (2780)-Praggnanandhaa,R (2743) Wijk aan Zee NED 2024 0-1 (62)}) 9... O-O 10. Nbd2 Re8 11. Bxc5 $146 ({RR} 11. h3 Be6 12. d4 Bxb3 13. Qxb3 Bb6 14. Qc2 Rb8 15. a3 d5 16. dxe5 Bxe3 17. exf6 Bxd2 18. exd5 Qxd5 19. Rad1 Re2 20. Rxd2 Rxd2 21. Nxd2 Rd8 22. Ne4 Qd3 23. Qxd3 Rxd3 24. Re1 gxf6 25. Nxf6+ Kg7 {Vasquez Schroeder,R (2475)-Agasiyev,K (2441) chess.com INT 2024 1-0 (68)}) 11... dxc5 12. Qe2 Qd6 13. Rfd1 Be6 14. Bxe6 Rxe6 15. a4 Ree8 16. Nf1 g6 17. Ne3 Qe6 18. Qc2 Rad8 19. Nd2 Nb8 20. axb5 axb5 21. Nb3 Nbd7 22. c4 Rb8 23. Ra5 bxc4 24. Nxc4 Qc6 25. Ra7 Qb5 26. Nbd2 Ra8 27. Rxc7 Reb8 28. Nf3 Ne8 29. Na3 Rxa3 30. Rxd7 Rb3 31. Nxe5 Rxb2 32. Qc4 Qxc4 33. Nxc4 Rb1 34. Rf1 Ng7 35. Nd6 Ne6 36. g3 Rxf1+ 37. Kxf1 Rd8 $6 {Inaccuracy. f6 was best.} (37... f6 38. Kg2 h5 39. h4 Ra8 40. Nb5 Ra6 41. Nc3 Nd4 42. Nd5 Nc2 43. Kf3) 38. Rxd8+ Nxd8 39. Ke2 Kf8 $6 {Inaccuracy. f6 was best.} (39... f6 40. Kd2 Kf8 41. Kc3 Ke7 42. Nc8+ Ke6 43. Nb6 Nc6 44. f4 Na5 45. Nc4) 40. e5 Ke7 41. Ne4 Ne6 42. f4 Nd4+ 43. Kd2 Nf3+ 44. Kc3 g5 45. Kc4 gxf4 46. gxf4 Nxh2 47. Kxc5 Nf3 48. d4 h5 49. d5 h4 50. d6+ Kd7 $2 {Mistake. Ke6 was best.} (50... Ke6 51. f5+ Kxf5 52. d7 Kxe5 53. d8=Q Kxe4 54. Qe7+ Kd3 55. Qxf7 Nd2 56. Kd5) 51. Kd5 h3 52. f5 Ng5 $2 {Checkmate is now unavoidable. Nxe5 was best.} (52... Nxe5 53. Kxe5 h2 54. Ng3 Kc6 55. Nh1 Kb7 56. Kd5 Kb6 57. Nf2 Kb5 58. d7) 53. Nc5+ Kd8 54. Kc6 1-0

[Event "Sharjah Master 2024"]
[Site "Shsrjah - Abu Dhabi"]
[Date "2024.05.21"]
[Round "?"]
[White "Kuybokarov, Temur"]
[Black "Adhiban, B.."]
[Result "1/2-1/2"]
[WhiteElo "2600"]
[BlackElo "2520"]
[PlyCount "54"]
[EventDate "2024.05.14"]
[EventCountry "UAE"]

1. c4 e6 2. Nf3 d5 3. g3 Nf6 4. Bg2 d4 5. O-O Nc6 6. d3 Bc5 7. Nbd2 O-O 8. Nb3 (8. Nb1) 8... Be7 9. e3 dxe3 10. Bxe3 Ng4 (10... Bc5) 11. Bc5 ({RR} 11. Bc1 a5 12. h3 Nge5 13. Nxe5 Nxe5 14. Qe2 Nc6 15. a4 e5 16. Be3 Bf5 17. Rfd1 Re8 18. g4 Bg6 19. Be4 Ra6 20. Nd2 Bh4 21. Bxg6 hxg6 22. Nf3 f5 23. g5 f4 24. Nxh4 fxe3 25. fxe3 Qxg5+ {Daneshvar,B (2591)-Erigaisi,A (2727) Samarkand UZB 2023 0-1 (37)}) 11... Bxc5 12. Nxc5 b6 13. Nb3 $146 ({RR} 13. Nd2 Nge5 14. Ncb3 Bb7 15. d4 Ng6 16. Ne4 Rb8 17. h4 h6 18. Re1 Nge7 19. Nc3 Nf5 20. d5 exd5 21. Nxd5 Nce7 22. Nxe7+ Nxe7 23. Qxd8 {1-0 (23) Bernadskiy,V (2573)-Crevatin,L (2259) chess.com INT 2024}) ({RR} 13. Ne4 Bb7 14. d4 Rb8 15. Qe2 Nf6 16. Rad1 Nxe4 17. Qxe4 Ne7 18. Qc2 Bxf3 19. Bxf3 Qd6 20. Rfe1 c6 21. Be4 g6 22. h4 h5 23. Qd2 Rbd8 24. Qg5 Kg7 25. Kg2 c5 26. dxc5 Qxc5 27. Qc1 Rxd1 {Maznitsin,A (2167)-Zhakshylykov,E (2257) Bishkek KGZ 2024 0-1 (46)}) 13... Bb7 14. d4 (14. c5 Ne7) 14... Ne7 15. Qc2 Nf6 16. Rad1 Bxf3 17. Bxf3 c6 18. Nc1 Qc7 19. Ne2 Rad8 20. Rd2 Rd7 21. Rfd1 Rfd8 22. Nc3 h6 23. Ne4 Nxe4 24. Bxe4 b5 25. b3 b4 26. Rd3 a5 27. Qe2 Qa7 1/2-1/2

[Event "Sharjah Master 2024"]
[Site "Shsrjah - Abu Dhabi"]
[Date "2024.05.21"]
[Round "?"]
[White "Jumabayev, Rinat"]
[Black "Iniyan, Pa"]
[Result "0-1"]
[WhiteElo "2595"]
[BlackElo "2493"]
[PlyCount "70"]
[EventDate "2024.05.14"]
[EventCountry "UAE"]

1. Nf3 d5 2. d4 Nf6 3. e3 c5 4. c3 e6 5. Bd3 Nc6 6. Nbd2 Bd6 7. O-O O-O 8. Re1 e5 9. e4 cxd4 10. cxd4 Bg4 11. exd5 Nxd4 12. Nc4 $6 {Inaccuracy. h3 was best.} (12. h3 Bh5) 12... Re8 13. Bg5 Bxf3 14. gxf3 h6 15. Bh4 Rc8 $6 {Inaccuracy. g5 was best.} (15... g5 16. Bg3) 16. Kg2 $6 {Inaccuracy. f4 was best.} (16. f4) 16... b5 17. Ne3 g5 18. Bg3 Bb4 19. Rg1 Nxd5 20. Nf5 Nxf5 21. Bxf5 Rc4 22. Qb3 Nf4+ 23. Bxf4 Rxf4 24. Be4 Qe7 25. Rac1 Kg7 26. Rc6 $6 {Inaccuracy. h3 was best.} (26. h3 h5 27. Kh1 Rh4 28. Kg2 Bd2 29. Rc2 Bf4 30. Qxb5 Qe6 31. Rh1 g4) 26... f5 $4 {Blunder. Rd8 was best.} (26... Rd8) 27. Rgc1 Bd6 28. Bd5 e4 29. fxe4 fxe4 30. Qc3+ Be5 31. Qc5 $4 {Blunder. Qh3 was best.} (31. Qh3 Rf6 32. Rxf6 Bxf6 33. Re1 Qd6 34. Bxe4 Qf4 35. Qd3 Re7 36. h3 Bxb2) 31... Qxc5 32. R1xc5 Ref8 33. f3 $2 {Mistake. Rc2 was best.} (33. Rc2 e3 34. fxe3 Rg4+ 35. Kh3 h5 36. b4 Rxb4 37. e4 Rf4 38. Kg2 Rg4+) 33... Rxf3 34. Bxe4 Rf2+ 35. Kg1 Rf1+ 0-1

[Event "Sharjah Master 2024"]
[Site "Shsrjah - Abu Dhabi"]
[Date "2024.05.21"]
[Round "?"]
[White "Siddharth, Jagadeesh"]
[Black "Esipenko, Andrey"]
[Result "1-0"]
[WhiteElo "2508"]
[BlackElo "2703"]
[PlyCount "61"]
[EventDate "2024.05.14"]
[EventCountry "UAE"]

1. e4 e6 2. d4 d5 3. e5 c5 4. c3 Nc6 5. Nf3 Bd7 6. Be2 f6 7. O-O fxe5 8. Nxe5 Nxe5 9. dxe5 Qc7 10. Re1 O-O-O 11. a4 ({RR} 11. Bf4 Ne7 12. Bd3 h6 13. Nd2 g5 14. Bg3 c4 15. Bc2 Nc6 16. b4 Be8 17. Qg4 Qf7 18. Qe2 h5 19. f3 Kb8 20. Rad1 Qc7 21. Kh1 Rg8 22. Bf2 Bg6 23. Ba4 Bd3 24. Qe3 b6 25. Nb3 Bc2) ({RR} 11. c4 Qxe5 12. Bf3 Qd6 13. cxd5 exd5 14. Nc3 ({RR} 14. Qxd5 Qxd5 15. Bxd5 Nf6 16. Bf3 Bd6 17. Nc3 Rhe8 18. Bg5 Be5 19. Rad1 Bxc3 20. bxc3 h6 21. Bf4 Rxe1+ 22. Rxe1 Bg4 23. Re7 Rd7 24. Bxg4 Nxg4 25. Re8+ Rd8) 14... Nf6 15. Nxd5 Nxd5 16. Qxd5 Qxd5 17. Bxd5 Bf5 18. Bf3 Bd6 19. Be3) ({RR} 11. Bf1 Ne7 12. a4 Nc6 13. Na3 a6 14. b4 c4 15. Be3 Nxe5 16. a5 Re8 17. Bb6 Qb8 18. f4 Nf7 19. g3 Nd6 20. Bh3 g6 21. Qd4 Nf5 22. Bxf5 gxf5 23. Nxc4 dxc4 24. Rad1 Bd6 25. Qxd6 Qxd6) ({RR} 11. Bf3 h6 12. c4 d4 13. b4 cxb4 14. Qxd4 Bc5 15. Qg4 Ne7 16. Nd2 h5 17. Qg5 Nf5 18. Nb3 Be7 19. Qg6 Kb8 20. Bg5 Bc8 21. Rac1) ({RR} 11. Bf1 Ne7 12. a4 Nf5 13. Bd3 g6 14. Bg5 Be7 15. Bxe7 Nxe7 16. Na3 Rhf8 17. b4 Kb8 18. Nc2 Nc6 19. bxc5 Nxe5 20. Bb5 Bc8 21. Nd4 Rf6 22. Rb1 Ka8 23. c6 Nxc6 24. Bxc6 bxc6 25. Qe2 Bd7 {Idani,P (2602)-Erigaisi,A (2727) Samarkand UZB 2023 ½-½ (73)}) 11... Qxe5 $146 ({RR} 11... c4 12. b4 cxb3 13. Na3 Bc5 14. Qxb3 Ne7 15. Bd3 Ng6 16. Bxg6 hxg6 17. Be3 Bxe3 18. Rxe3 Rh5 19. Nb5 Bxb5 20. axb5 b6 21. Qa4 Kb8 22. h3 Rdh8 23. Qa3 Rd8 24. Qa4 Rdh8 25. Qb4 Rd8 26. Re2 {Can,E (2549)-Krishna C R G (2437) Dubai Police Officers Club, A 2024 ½-½ (44)}) ({RR} 11... c4 12. b4 cxb3 13. Na3 Bc5 14. Qxb3 Ne7 15. Bd3 Ng6 16. Bxg6 hxg6 17. Be3 Bxe3 18. Rxe3 Rh5 19. Nb5 Bxb5 20. axb5 b6 21. Qa4 Kb8 22. h3 Rdh8 23. Qa3 Rd8 24. Qa4 Rdh8 25. Qb4 Rd8 26. Re2 {Can,E (2549)-Krishna,C (2440) Dubai UAE 2024 ½-½ (44)}) 12. Bf3 Qc7 13. Na3 a6 14. c4 Nf6 15. Nb5 Qb8 16. b4 axb5 $6 {Inaccuracy. d4 was best.} (16... d4) 17. axb5 e5 $2 {Mistake. Re8 was best.} (17... Re8 18. cxd5 exd5 19. Rxe8+ Bxe8 20. Bb2 Bxb5 21. Bxf6 gxf6 22. Qxd5 Bd7 23. bxc5) 18. b6 Re8 19. Bg5 $6 {Inaccuracy. Bxd5 was best.} (19. Bxd5 Nxd5 20. Qxd5 Bc6 21. Qf7 Re7 22. Qh5 g6 23. Qh4 Re6 24. Bg5 Bd7) 19... cxb4 $4 {Blunder. e4 was best.} (19... e4 20. Bxf6) 20. Bxf6 gxf6 21. Qxd5 f5 $2 {Mistake. e4 was best.} (21... e4 22. Red1 Bd6 23. Bxe4 Re5 24. Qxd6 Qxd6 25. Rxd6 Kb8 26. f3 Bf5 27. Bxf5) 22. Red1 Be6 23. Qb5 Rd8 24. c5 Rxd1+ $6 {Inaccuracy. Rg8 was best.} (24... Rg8 25. c6 Rxd1+ 26. Rxd1 Bd6 27. Bd5 Bxd5 28. Qxd5 Rg6 29. c7 Qxc7 30. bxc7) 25. Rxd1 Bg7 26. c6 e4 27. c7 Qa8 $2 {Checkmate is now unavoidable. Qxc7 was best.} (27... Qxc7 28. bxc7 Bf6 29. Qb6 Bb3 30. Qxf6 Bxd1 31. Qxh8+ Kxc7 32. Bxd1 Kd7 33. Qf8) 28. Bh5 Bf6 29. Bf7 Qa2 30. Bxe6+ Qxe6 31. Qa5 1-0

[Event "Sharjah Master 2024"]
[Site "Shsrjah - Abu Dhabi"]
[Date "2024.05.21"]
[Round "?"]
[White "Cardoso Cardoso, Jose Gabriel"]
[Black "Sjugirov, Sanan"]
[Result "1/2-1/2"]
[WhiteElo "2496"]
[BlackElo "2691"]
[PlyCount "20"]
[EventDate "2024.05.14"]
[EventCountry "UAE"]

1. e4 c6 2. d4 d5 3. e5 Bf5 4. h4 h5 5. c4 e6 6. Nc3 Nd7 7. cxd5 cxd5 8. Bd3 Bxd3 9. Qxd3 Ne7 10. Nf3 g6 $146 {Inaccuracy. Nf5 was best.} (10... Nf5 11. Bg5) ({RR} 10... Nc6 11. O-O Be7 12. g3 Nb6 13. Bg5 Rc8 14. a3 a6 15. Rac1 Nc4 16. Qe2 Qb6 17. Bxe7 Kxe7 18. Rfd1 Qxb2 19. Rb1 Qxc3 20. Rxb7+ Ke8 21. Rd3 Qc1+ 22. Kg2 g6 23. Ng5 Ne7 24. Nxf7 Kxf7 25. Qf3+ {Bochnicka,V (2398)-Glashausser,S (1973) chess.com INT 2024 1-0}) 1/2-1/2